| 000 | 01190nam a22003497a 4500 | ||
|---|---|---|---|
| 001 | 0015081 | ||
| 003 | KOHA_MİRAKIL | ||
| 005 | 20260207002016.0 | ||
| 007 | ta | ||
| 008 | 100312b1979 tu |||gr||||#||||0|tur | | ||
| 040 |
_aTR-BiSEU _btur _cTR-BiSEU _erda |
||
| 041 | 0 | _atur | |
| 044 | _ctu | ||
| 050 |
_aHD30.28 _b.E74 1979 |
||
| 100 | 1 | _aEren, Erol. | |
| 245 | 1 |
_aİşletmelerde stratejik planlama ve yönetim/ _cErol Eren ; Erol Eren. |
|
| 264 | 1 |
_aİstanbul : _bİstanbul Üniversitesi _c1979 |
|
| 300 | _a496 sayfa: tablo; 24 cm. | ||
| 336 |
_ametin _btxt _2rdacontent |
||
| 337 |
_aaracısız _bn _2rdamedia |
||
| 338 |
_acilt _bnc _2rdacarrier |
||
| 490 | 1 | _aİstanbul Üniversitesi Yayın No ;2666. | |
| 490 | 1 |
_aİşletme Fakültesi Yayın No ; _v88. |
|
| 490 | 1 |
_aYönetim ve Organizasyon Enstitüsü Yayın No ; _v2. |
|
| 500 | _aKaynakça ve dizin var. | ||
| 650 | 0 |
_aBusiness planning. _918816 |
|
| 650 | 0 |
_aİşletmelerde planlama. _935011 |
|
| 830 | 1 |
_aİstanbul Üniversitesi Yayın No ;2666. _935012 |
|
| 830 | 1 |
_aİşletme Fakültesi Yayın No ; _v88. _920029 |
|
| 830 | 1 |
_aYönetim ve Organizasyon Enstitüsü Yayın No ; _v2. _935013 |
|
| 942 |
_2lcc _cBK |
||
| 999 |
_c15044 _d15044 |
||